Pays du monde contenant un L - Statistiques

Statistiques générales
  • Ce quiz a été pris 2 444 fois
  • Le résultat moyen est 46 sur 65
Statistiques - réponses
Pays % Correct
Lituanie
91%
Lettonie
90%
Allemagne
89%
Algérie
88%
Albanie
85%
Irlande
85%
Islande
85%
Liban
84%
Finlande
83%
Libye
83%
Luxembourg
83%
Portugal
83%
Brésil
82%
Nouvelle-Zélande
82%
Australie
81%
Belgique
81%
Laos
81%
Colombie
80%
Italie
79%
Liechtenstein
79%
Biélorussie
78%
Chili
78%
Pologne
78%
Slovaquie
77%
Slovénie
77%
Bolivie
76%
Liberia
75%
Lesotho
74%
Moldavie
74%
Israel
72%
Mali
72%
République démocratique du Congo
72%
Thailande
71%
Venezuela
71%
Angola
70%
Bulgarie
69%
République dominicaine
69%
Somalie
69%
Maldives
68%
République tchèque
68%
Malaisie
67%
Malte
67%
Mongolie
67%
Sénégal
67%
Papouasie-Nouvelle-Guinée
66%
Sainte-Lucie
66%
Îles Marshall
65%
Philippines
65%
Salvador
63%
Seychelles
63%
Belize
62%
Guatemala
62%
Malawi
62%
Guinée équatoriale
61%
République Centrafricaine
60%
Népal
59%
Salomon
59%
Tuvalu
59%
Bangladesh
58%
Palaos
58%
Sierra Leone
58%
Sri Lanka
58%
Saint-Vincent-et-les-Grenadines
49%
Timor Oriental
48%
Île Maurice
30%
Aucun quiz correspondant
Distribution des résultats
% des personnes avec chaque résultat
Percentile par nombre de réponses
Votre historique - résultats
Vous n’avez pas pris ce quiz